000 00452nam a22001817a 4500
003 MPLRDC
005 20220104183341.0
008 210129b ||||| |||| 00| 0 eng d
020 _a986-6555-07-7
082 _a999.9 DIY
100 _aDIY玩布置编辑部编著
245 _a旧物新用乐活设计100
_c
250 _a初版
260 _a台湾
_b麦浩斯出版
_c2008
300 _b
650 _a废物利用
942 _cBK
_o999.9 DIY
999 _c62368
_d62358